| 000 | 00518cam a22002051 4500 | ||
|---|---|---|---|
| 001 | 8270963 | ||
| 005 | 20180222080650.0 | ||
| 008 | 731227s1927 maua 000 0 eng | ||
| 010 | _a 27023627 | ||
| 035 | _a(OCoLC)767244 | ||
| 040 |
_aDLC _cOYU _dOCoLC _dDLC |
||
| 041 | _aeng | ||
| 042 | _apremarc | ||
| 080 | _a330 ALB | ||
| 100 | 1 | _a52 | |
| 101 | _aECO | ||
| 245 | 1 | 0 |
_aEconomic problems, _cby Allyn Abbott Young ... |
| 906 |
_a7 _bcbc _coclcrpl _du _encip _f19 _gy-gencatlg |
||
| 942 |
_2ddc _cBK |
||
| 999 |
_c43200 _d43200 |
||